| 000 | 00580nam a2200229Ia 4500 | ||
|---|---|---|---|
| 008 | 171120s9999 xx 000 0 und d | ||
| 020 | _a9710864750 | ||
| 050 | _a338.6 | ||
| 050 | _bC198 2004 | ||
| 100 | _aCamposano, Jorge A. | ||
| 245 | _aEntrepreneurship for small business / | ||
| 245 | _cby Jorge A. Camposano. | ||
| 260 | _aPhilippines : | ||
| 260 | _bNational Book Store, | ||
| 260 | _c2004 | ||
| 300 | _a470 pages : | ||
| 300 | _billustrations ; | ||
| 300 | _c22cm. | ||
| 650 | _aEntrepreneurship. | ||
| 650 | _aSmall business -- | ||
| 650 | _xManagement. | ||
| 999 |
_c345287 _d345287 |
||